000 00615nam a2200229Ia 4500
003 OSt
005 20220928144325.0
006 a|||||r|||| 00| 0
007 ta
008 220927b |||||||| |||| 00| 0 eng d
024 _a65053
037 _cTextual
040 _aSDCL
_cSDCL
_beng
041 _2eng
_aeng
082 _aS, P2.1-.2
100 _aBackman Lars
_9507618
245 0 _aPsychology at the turn of the millennium. 2V.
260 _c2002
700 _a Von Hofsten Claes Ed.
_9507619
942 _hS, P2.1-.2
_cTEXL
_2CC
999 _c827039
_d827039